000 00352nam a2200133Ia 4500
008 220217s9999||||xx |||||||||||||| ||und||
020 _a0-07-04993-6
082 _a004.6 CLA
100 _aClark, Chris
_93342
245 0 _aNetwork cabling hand book
260 _aTata mcgraw hill
_bNew Delhi
_c2002
300 _b450
650 _aCOMPUTER NETWORK
999 _c171441
_d171441